| 000 | 00894nam2a2200241 4500 | ||
|---|---|---|---|
| 001 | RU\NLR\bibl\491772 | ||
| 005 | 20250623195412.0 | ||
| 021 |
_aRU _b2003-74722 _93696 |
||
| 035 | _a(NLR Aleph) 000484443 | ||
| 090 |
_a1074253 _c1074253 |
||
| 100 | _a20040217d2002 |||y0rusy50 ca | ||
| 101 | 0 | _arus | |
| 102 | _aRU | ||
| 105 | _ay ||||||||| | ||
| 200 | 1 | _aРомансы и песни | |
| 210 |
_d2002 _aБ. м. |
||
| 215 | _a258 с. | ||
| 461 | 0 |
_1001RU\NLR\bibl\504795 _12001#$aРепертуарная вокальная энциклопедия$v[Т. 2] _91151785 _cМ. _d2002 _fМ-во культуры Рос. Федерации и др. _nЧуваш. гос. ин-т гуманит. наук _tРепертуарная вокальная энциклопедия _v[Т. 2] |
|
| 801 | 0 |
_aRU _bNLR _c20040217 _gPSBO |
|
| 801 | 1 |
_aRU _bNLR _c20040217 |
|
| 942 | _cBOOK | ||
| 980 | _aNB | ||